000
00246nam a2200109Ia 4500
008
240625s9999 xx 000 0 und d
041
_a
eng
082
_a
658.472 ACH
100
_a
ACHARYA SEEMA
245
_a
BIG DATA AND ANALYTICS
260
_c
2015
999
_c
40125
_d
40125